000 00560nam a2200193Ia 4500
005 20250508150241.0
008 008 250505s9999 xx 000 0 eng d
037 _aTextual
040 _aFEDL
_beng
_cFEDL
041 _aeng
_2eng
084 _a370.1, NET
_qFEDL
100 _aNettleship R.L.
_9756240
245 0 _aTheory of education in plato's republic
260 _aLondon, UK
_bOxford University Press
_c1935
300 _aviii,155p.
650 _aEducation-Philosophy
_921056
942 _cTEXL
_h370.1, NET
999 _c1322638
_d1322638